Conocimientos y creencias sobre menarquía en padres de hijas adolescentes. Malagana (Bolívar - Colombia), 2020 / (Registro nro. 4052)

Detalles MARC
000 -LEADER
fixed length control field 01890nam a2200313 i 4500
005 - DATE AND TIME OF LATEST TRANSACTION
control field 20250329165435.0
007 - PHYSICAL DESCRIPTION FIXED FIELD--GENERAL INFORMATION
fixed length control field ta
008 - FIXED-LENGTH DATA ELEMENTS--GENERAL INFORMATION
fixed length control field 190415s2020 000 0 eng d
040 ## - CATALOGING SOURCE
Original cataloging agency CO-CtgCURN
Language of cataloging spa
Transcribing agency coctgcurn
Description conventions rda
082 0# - DEWEY DECIMAL CLASSIFICATION NUMBER
Classification number ENF 2020
Item number M152
100 1# - MAIN ENTRY--PERSONAL NAME
Personal name Macías Cardoza, Luz Milena,
Relator term author.
Relationship aut
245 10 - TITLE STATEMENT
Title Conocimientos y creencias sobre menarquía en padres de hijas adolescentes. Malagana (Bolívar - Colombia), 2020 /
Statement of responsibility, etc. Luz Milena Macías Cardoza; Delly Fuentes Guerrero; Daisy Pacheco Vergara; Mayerlin Navarro Vargas; directoras Kendy Madero Zambrano; Diana Carolina Marsiglia López.
260 ## - PUBLICATION, DISTRIBUTION, ETC.
Place of publication, distribution, etc. Cartagena de Indias :
Name of publisher, distributor, etc. Corporación Universitaria Rafael Núñez,
Date of publication, distribution, etc. 2020.
300 ## - PHYSICAL DESCRIPTION
Extent 146 hojas.
336 ## - CONTENT TYPE
Content type term text
Content type code txt
Source rdacontent
337 ## - MEDIA TYPE
Media type term unmediated
Media type code n
Source rdamedia
338 ## - CARRIER TYPE
Carrier type term volume
Carrier type code nc
Source rdacarrier
504 ## - BIBLIOGRAPHY, ETC. NOTE
Bibliography, etc. note Trabajo de grado (Enfermera). Corporación Universitaria Rafael Nuñez. Facultad de Ciencias de la Salud. Programa de Enfermería, 2020.
520 ## - SUMMARY, ETC.
Summary, etc. "La menarqua es un evento trascendental en la vida de las adolescentes. Entre sus diversos modos de interpretacin encuentran las consideraciones que se entretejen a raz de la cultura, la cual condiciona los conocimientos y las creencias que, respecto a la menarqua, pueden poseer los padres de la menor. "
650 #0 - SUBJECT ADDED ENTRY--TOPICAL TERM
Topical term or geographic name entry element Enfermería
Form subdivision Tesis y disertaciones academicas.
700 1# - ADDED ENTRY--PERSONAL NAME
Personal name Fuentes Guerrero, Delly.
700 1# - ADDED ENTRY--PERSONAL NAME
Personal name Pacheco Vergara, Daisy.
700 1# - ADDED ENTRY--PERSONAL NAME
Personal name Navarro Vargas, Mayerlin.
700 1# - ADDED ENTRY--PERSONAL NAME
Personal name Madero Zambrano, Kendy,
Relator term directora.
700 1# - ADDED ENTRY--PERSONAL NAME
Personal name Marsiglia López, Diana Carolina,
Relator term directora.
856 ## - ELECTRONIC LOCATION AND ACCESS
Uniform Resource Identifier <a href="https://unicurn.sharepoint.com/:b:/s/biblioteca/EfhV2bTelAFNslX8XasFZGoBx_zKGC1vPWOkoRh-8c_wsQ?e=ZWIjC6">https://unicurn.sharepoint.com/:b:/s/biblioteca/EfhV2bTelAFNslX8XasFZGoBx_zKGC1vPWOkoRh-8c_wsQ?e=ZWIjC6</a>
Public note Click aqui para ver el recurso en texto completo
942 ## - ADDED ENTRY ELEMENTS (KOHA)
Source of classification or shelving scheme Dewey Decimal Classification
Koha item type Trabajos de grado
Classification part ENF 2020
Item part M152
Existencias
Withdrawn status Lost status Source of classification or shelving scheme Damaged status Not for loan Collection Home library Current library Shelving location Date acquired Source of acquisition Cost, normal purchase price Inventory number Total checkouts Full call number Barcode Date last seen Price effective from Koha item type
    Dewey Decimal Classification     Trabajos de grado Miguel Henríquez Emiliani Miguel Henríquez Emiliani Trabajo de grado 06/01/2019 El autor 350000.00 023341   ENF 2020 M152 023341 06/20/2019 06/20/2019 Trabajos de grado